Quizzes
Events
Quiz Creation
Community
Videos
Private Events
Remove Ads
Sign In
Join for FREE
Feedback
Dark Mode
Quiz Categories
Sports
Geography
Music
Movies
Television
Just For Fun
Miscellaneous
History
Literature
Language
Science
Gaming
Entertainment
Religion
Holiday
For Kids
Quiz Lab
Recent
Popular Today
Quiz Kudos Today
Editor Picks
Curator Picks
Quizzes by...
Day
Popularity
Type
Ratings
Length
Year
Community
Subscriptions
Recent Discussions
Orange Saloon
Badges
Playlists
Quests
Create
Leaderboards
Showdown
Live 5
Trivia Bingo
Activity
Puzzle Library
Sporcle Events
Private Events
Virtual Trivia
Globe League
Become a Host
Pub Owners
SporcleCon
Opinionation
Our Games
Videos
Blog
Mobile Apps
Partnerships
Remove Ads and Go Orange
Feedback
Music
Pop Music
The Beatles
Song
Album
Lyrics
Bands
Singers
Artist
Clip
Rock
Rap
Classical
Billboard
Country Music
Kpop
Taylor Swift
Music
Pop Music
The Beatles
Song
Album
Lyrics
Bands
Singers
Artist
Clip
Rock
Rap
Classical
Billboard
Country Music
Kpop
Taylor Swift
Random Quiz
Search Sporcle
×
Quiz Lab
Quiz Lab
Music
Song
Type in answers that appear in a list
Type in answers that appear in a list
Classic
Best Score? Go Orange.
Linkin park in the end Stats
Can you name the linkin park in the end?
By
2013oug
5m
25 Questions
221 Plays
221 Plays
221 Plays
Comments
Comments
Give Quiz Kudos
Give Quiz Kudos
-
- Ratings
hide this ad
More Info
Forced Order
Answers have to be entered in order
Answers have to be entered in order
Random Order
Randomize order of answers
Randomize order of answers
Replay
Link that replays current quiz
Next Quiz
Link to next quiz in quiz playlist
You Got
0%
They Got
Avg Score
16%
Avg Friend Score
Upgrade to see
Score Distribution
Jump to the score distribution portion of the page
Score
0/25
Timer
05:00
0
Plays Today
first line
second line
% Correct
One thing, I don't know why
It doesn't even matter how hard you try
64.3%
Keep me in your memory
Leave out all the rest
38.9%
Everything you say to me
Takes me one step closer to the edge and I'm about to break
33%
It's like I'm paranoid looking over my back
It's like a whirlwind inside of my head
31.2%
Can't you see that your smothering me?
Holding too tightly, afraid to lose control.
30.8%
I can't feel the way I did before
Don't turn your back on me, I won't be ignored
28.1%
I try to give you warning
But everyone ignores me
23.1%
Against my will I stand beside my own reflection
Its haunting
20.8%
I'll paint it on the walls
'cause I'm the one at fault
20.4%
I've opened up these scars
I'll make you face this
18.6%
Cards and flowers on the window
Your friends all plead for you to stay
16.3%
I'm sick of feeling
Is there nothing you can say
15.4%
Let me apologies to begin with
Let me apologies for what i'm about to say
10.9%
first line
second line
% Correct
Your voice was all I herd
Did I get what I deserve
10.4%
You love the things I'll say I do
The way I hurt myself again just to get back at you
10.4%
There's truth in your lies
Doubt in your face
8.1%
'cause Im sick of being treated like I had before
Like its stupid standing for what Im standing for
6.8%
This is the last time
I'll take the blame for the sake of being with you
6.3%
Sometimes I feel I trusted you too well
Sometimes I just feel like screaming at myself
5.4%
Sometimes I think of letting go and never looking back
and never moving forward so there'd never be a past
5%
Dluohs uoy dna hteet rouy hsurb dluohs uoy
sdnaH rouY hsaW
2.7%
Floating down as colours fill the light
You look up from the ground in fields of paper-white
1.4%
Trying not to break but I'm so tiered of this deceit
Every time I try and make myself get back up on my feet
1.4%
Its all to much to take in
I can't hold on to anything
0.5%
Your time is borrowed
Its time to pay for your mistakes
0%
Quiz Playlist
Details
Report
Send in Message
Add To Playlist
More Info:
can you name the lines after the one given. Only Linkin Park songs.
Classic:
Type in answers that appear in a list
Forced Order:
Answers have to be entered in order
Random Order:
Randomize order of answers
Last Updated: Feb 16, 2017
Quiz Scoreboard
CHALLENGE
Sign Up to Join the Scoreboard
Show All
Scores
Hide
Comments
May contain spoilers
Recently Published
Popular People in 1961
by mucciniale
History
6m
1-10 Letter E Words III
by El_Dandy
Language
2m
One Thing in Common: World Cities II
by knightlancer
Geography
7m
More to Explore
Quiz From the Vault
Featured Blog Post
Where Did the Easter Bunny Come From?
hide this ad
You Might Also Like...
Tags
Song Quiz
Linkin Park
Today's Top Quizzes in Music
Browse Music
hide this ad
Today's Top Quizzes in Song
Browse Song
Top Contributed Quizzes in Music
1
Taylor Swift All Songs (2024)
2
2010s Album by Cover III
3
One Thing in Common: Music
4
Taylor Swift Logic Puzzle
5
Guess the Artist- 70s Songs
6
2010s Album by Cover IV
7
Guess the Taylor Swift song (Mystery Song)
8
2010s Album by Cover V
9
Lana Del Rey Discography (BTD to DYKTTATUOB)
10
2010s Album by Cover VI
Explore More
Trending Topics
Harry Potter
Crossword
NBA
Kpop
Disney
Anime
Marvel
Soccer
The Office
Puzzle
WWE
Pokémon
Country
Song
NFL
hide this ad
More By:
2013oug
Quiz
Plays
Rating
Category
Featured
Created
linkin park in the end
221
Music
Mar 30, 2011
Franz Ferdinand: Complete the lyric
208
3.67
Music
Apr 24, 2011
Sherlock or Jane?
207
2.25
Television
Feb 23, 2012
Go to Creator's Profile
Score Distribution
Quiz Creator Spotlight
2013oug
Follow
Send a Message
Quizzes Created
-
Created Quiz Play Count
-
More By This Creator
Popular Quizzes Today
1
Find the US States - No Outlines Minefield
2
Find the Countries of Europe - No Outlines Minefield
3
The Countries of the World
4
Popular People in 1961
5
1-10 Letter E Words III
6
Find the US States
7
One Thing in Common: World Cities II
8
US States
More Music Quizzes
3+ Sibling Music Videos
Quiz Lab
Trending Quizzes
Risky Map Clicking: Least Populous States A-Z
1-10 Letter F Words
1-10 Letter G Words
One Thing in Common: United Kingdom
Risky Map Clicking: Biggest States A-Z
Recently Updated
Leaping Animals
pecheneg
Reality TV Shows (A-Z)
bhenderson79
Rickey Henderson's Hall of Fame Teammates
pecheneg
Champions League XIs: Arsenal
pecheneg
Quick Pick: Celebrities in WWE's Hall of Fame
aduchscher
A-Z Keypad Blitz II
pecheneg
Multiple Oscar Actors
pecheneg
Mystery Phrase Blitz: Oscar 'Best Actors'
pecheneg
F. Scott Fitzgerald Novels
LTH
Pick 3 Villains
ddd62291
Trending Topics
Anime
Crossword
Marvel
NBA
Disney
Kpop
Harry Potter
Pokémon
The Office
Song
Puzzle
Country
Soccer
WWE
NFL
Your Account Isn't Verified!
In order to create a playlist on Sporcle, you need to verify the email address you used during registration. Go to your
Sporcle Settings
to finish the process.
Report this User
Report this user for behavior that violates our
Community Guidelines
.
Details:
Send Report
Go to the Sporcle.com Mobile Site →
Comments